000 00486nam a2200169 i 4500
001 80441
003 ES-MaACL
005 20230906174221.0
007 t|
008 041028s1956 sp ||||1| spa d
100 1 _aHilders, O.
_963685
245 1 0 _aGuía práctica del operador cinematográfico /
_cpor O. Hilders.
250 _a1ª ed.
260 _aBarcelona :
_bJuan Bruguer,
_c1956 (
_fImp. Moderna)
300 _a260 p. :
_bil. ;
_c22 cm.
852 _aES-MaACL
_jC-11317
_bR.39326
999 _c80441
_d80441